Historic Counties of Britain & Ireland on a Map - Statistics

General Stats
  • This quiz has been taken 1,764 times
    1,731 since last reset
  • The average score is 59 of 117
Answers on the Map
Answers color-coded by a green-red scale on the quiz's map according to % correct below.
 
Answer Stats
Counties % Correct
EN Yorkshire
94%
EN Cornwall
91%
EN Essex
89%
EN Sussex
87%
EN Kent
86%
IR Cork
84%
EN Devon
83%
EN Oxfordshire
83%
EN Cambridgeshire
82%
IR Dublin
82%
EN Norfolk
80%
EN Lancashire
78%
EN Lincolnshire
78%
EN Suffolk
78%
NI Derry
76%
SC Midlothian
76%
EN Nottinghamshire
76%
SC Aberdeenshire
75%
EN Gloucestershire
75%
EN Hampshire
75%
EN Northumberland
75%
EN Cheshire
73%
EN Leicestershire
73%
EN Buckinghamshire
71%
EN Derbyshire
71%
SC Shetland
71%
EN Somerset
71%
EN Surrey
70%
EN Worcestershire
70%
EN Herefordshire
69%
SC Orkney
69%
EN Dorset
68%
IR Galway
67%
EN Northamptonshire
67%
EN Berkshire
66%
EN Durham
66%
EN Rutland
66%
EN Shropshire
66%
IR Limerick
64%
EN Bedfordshire
63%
EN Hertfordshire
63%
EN Warwickshire
62%
EN Wiltshire
62%
SC Inverness-shire
61%
EN Middlesex
61%
EN Staffordshire
60%
IR Waterford
60%
IR Donegal
57%
EN Cumberland
56%
SC Perthshire
54%
WA Anglesey
53%
IR Kerry
53%
IR Wexford
53%
IR Mayo
52%
NI Antrim
51%
NI Armagh
51%
WA Pembrokeshire
50%
IR Kilkenny
49%
NI Down
48%
IR Sligo
48%
SC Ayrshire
47%
SC Dumfriesshire
47%
NI Tyrone
45%
IR Meath
44%
SC Fife
43%
SC Argyllshire
42%
IR Clare
42%
SC Stirlingshire
42%
IR Tipperary
41%
EN Westmorland
41%
SC East Lothian
40%
NI Fermanagh
39%
IR Kildare
39%
WA Monmouthshire
39%
SC West Lothian
39%
WA Glamorgan
38%
WA Cardiganshire
37%
IR Louth
37%
WA Flintshire
36%
EN Huntingdonshire
36%
SC Lanarkshire
36%
IR Offaly
36%
IR Westmeath
36%
IR Wicklow
36%
SC Angus
35%
WA Carmarthenshire
34%
SC Morayshire
34%
IR Laois
33%
SC Dunbartonshire
32%
IR Roscommon
32%
IR Leitrim
31%
IR Monaghan
31%
SC Berwickshire
30%
SC Buteshire
30%
IR Cavan
30%
IR Carlow
29%
WA Denbighshire
29%
SC Ross and Cromarty
29%
IR Longford
28%
SC Renfrewshire
28%
SC Clackmannanshire
26%
SC Sutherland
25%
SC Caithness
22%
SC Banffshire
21%
WA Montgomeryshire
21%
WA Brecknockshire
20%
WA Caernarfonshire
19%
SC Kinross-shire
19%
SC Nairnshire
18%
SC Peeblesshire
18%
WA Radnorshire
17%
SC Wigtownshire
17%
SC Roxburghshire
16%
SC Selkirkshire
16%
SC Kirkcudbrightshire
15%
WA Merionethshire
13%
SC Kincardineshire
12%
No matching quizzes found
Score Distribution
Percent of People with Each Score
Percentile by Number Answered
Your Score History
You have not taken this quiz since the last reset